Deuda externa:
Wedi'i Gadw mewn:
| Prif Awdur: | |
|---|---|
| Fformat: | Texto |
| Pynciau: | |
| Tagiau: |
Ychwanegu Tag
Dim Tagiau, Byddwch y cyntaf i dagio'r cofnod hwn!
|
MARC
| LEADER | 00000 a a2200000 04500 | ||
|---|---|---|---|
| 001 | 41982 | ||
| 003 | |||
| 040 | |||
| 100 | |a Girón G, Alicia | ||
| 245 | |a Deuda externa: |a el reto del siglo XXI / |c Alicia Girón G | ||
| 650 | |a DEUDA EXTERNA | ||
| 650 | |a MEXICO | ||
| 650 | |a AMERICA LATINA | ||
| 650 | |a ORGANIZACIONES INTERNACIONALES | ||
| 650 | |a BANCOS | ||
| 650 | |a PAISES EN DESARROLLO | ||
| 773 | |g volumen21, número81 ( , 1990), páginas 61-85 | ||
| 999 | |c 38189 |d 38189 | ||
